L'Afrique Byzantine (Record no. 48775)

MARC details
000 -LEADER
campo de control de longitud fija 00754nam a22002055i 4500
001 - NÚMERO DE CONTROL
campo de control 48775
003 - IDENTIFICADOR DE NÚMERO DE CONTROL
campo de control ES-MaACL
005 - FECHA Y HORA DE LA ÚLTIMA TRANSACCIÓN
campo de control 20230906161822.0
007 - CAMPO FIJO DE DESCRIPCIÓN FÍSICA--INFORMACIÓN GENERAL
campo de control de longitud fija t|
008 - DATOS DE LONGITUD FIJA--INFORMACIÓN GENERAL
campo de control de longitud fija 950731s1896 fr a ||||1| fre d
040 ## - FUENTE DE CATALOGACIÓN
Centro catalogador/agencia de origen CAM
Lengua de catalogación spa
Centro/agencia transcriptor CAM
100 1# - ENTRADA PRINCIPAL--NOMBRE DE PERSONA
Nombre de persona Diehl, Charles (
Fechas asociadas al nombre 1859-1914)
9 (RLIN) 44588
245 12 - MENCIÓN DEL TÍTULO
Título L'Afrique Byzantine
Resto del título : histoire de la domination byzantine en Afrique: 533-709 /
Mención de responsabilidad, etc. par Charles Diehl.
260 ## - PUBLICACIÓN, DISTRIBUCIÓN, ETC.
Lugar de publicación, distribución, etc. Paris :
Nombre del editor, distribuidor, etc. Ernest Leroux,
Fecha de publicación, distribución, etc. 1896 (
Lugar de fabricación/manufactura Angers :
Fabricante A. Burdin)
300 ## - DESCRIPCIÓN FÍSICA
Extensión [4], XIV, 644 p., [10], [2] h. de map. pleg. :
Otras características físicas il. ;
Dimensiones 25 cm.
651 #4 - PUNTO DE ACCESO ADICIONAL DE MATERIA--NOMBRE GEOGRÁFICO
Nombre geográfico Magreb-
Subdivisión general Historia-
Subdivisión cronológica 647-1517.
9 (RLIN) 155943
651 #4 - PUNTO DE ACCESO ADICIONAL DE MATERIA--NOMBRE GEOGRÁFICO
Nombre geográfico Magreb-
Subdivisión general Historia-
Subdivisión cronológica Hasta 647.
9 (RLIN) 158883
651 #4 - PUNTO DE ACCESO ADICIONAL DE MATERIA--NOMBRE GEOGRÁFICO
Nombre geográfico Imperio bizantino-
Subdivisión general Historia-
Subdivisión cronológica 527-1081.
9 (RLIN) 147375
852 ## - LOCALIZACIÓN
Ubicación ES-MaACL
Número de control de estantería C-1848
Holdings
Estatus retirado Estado de pérdida Estado de daño No para préstamo Colección Biblioteca de origen Biblioteca actual Ubicación en estantería Fecha de adquisición Fuente de adquisición Total de préstamos Signatura topográfica completa Código de barras Visto por última vez Precio de reemplazo Tipo de ítem Koha
        Libros del s. XIX Biblioteca del Ateneo de Madrid Biblioteca del Ateneo de Madrid Sala Palomar 17/01/2008     C-1848 1051329 23/02/2023 23/02/2023 Libro impreso antiguo